| 000 | 00699nam a22002291 4500 | ||
|---|---|---|---|
| 001 | 141032 | ||
| 003 | ES-MaACL | ||
| 005 | 20230906200216.0 | ||
| 007 | t| | ||
| 008 | 070919s1970 sp ||||0| spa d | ||
| 016 | 7 | _zIND2000945728 | |
| 040 |
_aM-BN _bspa _cCDM |
||
| 080 | _a614.31:637.5 | ||
| 100 | 1 |
_aWilson, Andrew. _9117010 |
|
| 245 | 1 | 0 |
_aInspección práctica de la carne / _ctraducido del inglés por Guillermo Aparicio Sánchez. |
| 260 |
_aZaragoza : _bAcribía, _c[1970] |
||
| 300 |
_aVII, 203 p. ; _c22 cm. |
||
| 650 | 1 | 4 |
_aCarne- _xInspección sanitaria. _910789 |
| 700 | 1 |
_aAparicio Sánchez, Guillermo. _922077 |
|
| 852 |
_aES-MaACL _jC-44635 _bR.76590 |
||
| 999 |
_c141032 _d141032 |
||